ბათუმის შოთა რუსთაველის სახელმწიფო უნივერსიტეტის ბიბლიოთეკა

აგროეკოლოგია. (ბიბ.ჩანაწერი № 35333)

000 -LEADER
fixed length control field 00599nam a2200205Ia 4500
001 - CONTROL NUMBER
control field 1185
003 - CONTROL NUMBER IDENTIFIER
control field GE_BSU
005 - DATE AND TIME OF LATEST TRANSACTION
control field 20230221153346.0
008 - FIXED-LENGTH DATA ELEMENTS--GENERAL INFORMATION
fixed length control field 181216s||||||||xx |||||||||||||| ||und||
040 ## - CATALOGING SOURCE
Transcribing agency GE_BSU
080 ## - UNIVERSAL DECIMAL CLASSIFICATION NUMBER
Universal Decimal Classification number 631.95(075.8)
100 ## - MAIN ENTRY--PERSONAL NAME
Personal name ურუშაძე თენგიზ.
9 (RLIN) 16999
245 ## - TITLE STATEMENT
Title აგროეკოლოგია.
245 ## - TITLE STATEMENT
Statement of responsibility, etc. რედ:თ ზარდალიშვილი.
260 ## - PUBLICATION, DISTRIBUTION, ETC.
Place of publication, distribution, etc. თბილისი.
Date of publication, distribution, etc. 2001.
300 ## - PHYSICAL DESCRIPTION
Extent 321 გვ. 20სმ.
653 ## - INDEX TERM--UNCONTROLLED
Uncontrolled term აგროეკოლოგია.
942 ## - ADDED ENTRY ELEMENTS (KOHA)
Koha item type წიგნი
Source of classification or shelving scheme
ეგზემპლარები
Withdrawn status Lost status Damaged status Not for loan Date acquired Barcode Date last seen Price effective from Koha item type
        2018-12-17 2794 2018-12-17 2018-12-17 წიგნი